000 01380nam0a2200337 4500
001 RU\NLR\BIBL_A\011962995
005 20230317124035.0
010 _a978-5-465-03281-0
_94000
021 _aRU
_bКН-П-19-010988
_9КН-П-19-0809
035 _a(NLR Aleph) 011962995
035 _a(RuMoRGB)009899912
090 _a11214438
_c11214438
100 _a20190318d2018 b y0rusy50 ca
101 0 _arus
102 _aRU
105 _aa z 000gy
200 1 _aУронили мишку на пол
_e[стихи из цикла "Игрушки"
_eдля детей до 3 лет
_eдля совместных занятий взрослыми с детьми]
_fАгния Барто
_g[художник Е. Б. Лопатина]
210 _aРеутов
_cОмега
_d2018
215 _a[8] с.
_cцв. ил.
_d23
_eсъемные пазлы
225 1 _aСерия "Книжка с мягкими пазлами"
333 _a0+
488 0 _12001#$aИгрушки$eцикл
686 0 _aШ9(2)60=Р7-8
700 1 _aБарто
_bА.Л.
_f1906-1981
_gАгния Львовна
_3RU\NLR\auth\771526
_4070
702 1 _aЛопатина
_bЕ. Б.
_cхудожник
_gЕкатерина Б.
_3RU\NLR\AUTH\7769243
942 _cBOOK
980 _aNBR
980 _aNB